banner koha

Utilização de bactérias ácido-lácticas isoladas do trato intestinal de tilápia-do-nilo como probiótico (Registro n. 201597)

MARC details
000 -LÍDER
campo de controle de tamanho fixo 01019nas a2200337 4500
001 - NÚMERO DE CONTROLE
campo de controle BR0900513
003 - IDENTIFICADOR DO NÚMERO DE CONTROLE
campo de controle BR-BrBNA
005 - DATA E HORÁRIO DA ÚLTIMA TRANSAÇÃO
campo de controle 20231205113047.0
007 - CAMPO FIXO DE DESCRIÇÃO FÍSICA--INFORMAÇÃO GERAL
campo de controle de tamanho fixo ta
008 - CAMPO DE DADOS FIXOS--INFORMAÇÃO GERAL
campo de controle de tamanho fixo 230509b bl.|||p| |||| 00| 00por d
040 ## - FONTE DA CATALOGAÇÃO
Instituição da catalogação original BR-BrBNA
Idioma da catalogação por
Instituição que transcreveu o registro Biblioteca Nacional de Agricultura
041 ## - CÓDIGO DE IDIOMA
Código do idioma do texto/trilha sonora ou título diferente (Pt)
072 ## - CÓDIGO DE CATEGORIA DE ASSUNTO
Código de Categoria de Assunto L73; M12
100 1# - ENTRADA PRINCIPAL--NOME PESSOAL
Nome pessoal Jatobá, A.
100 1# - ENTRADA PRINCIPAL--NOME PESSOAL
Nome pessoal Vieira, F. do N.
100 1# - ENTRADA PRINCIPAL--NOME PESSOAL
Nome pessoal Buglione Neto, C.
100 1# - ENTRADA PRINCIPAL--NOME PESSOAL
Nome pessoal Silva, B.C.
100 1# - ENTRADA PRINCIPAL--NOME PESSOAL
Nome pessoal Mouriño, J.L.P.
100 1# - ENTRADA PRINCIPAL--NOME PESSOAL
Nome pessoal Jerônimo, G.T.
100 1# - ENTRADA PRINCIPAL--NOME PESSOAL
Nome pessoal Dotta, G.
100 1# - ENTRADA PRINCIPAL--NOME PESSOAL
Nome pessoal Martins, M.L.
245 1# - TÍTULO
Título Utilização de bactérias ácido-lácticas isoladas do trato intestinal de tilápia-do-nilo como probiótico
650 ## - ASSUNTO--TERMO TÓPICO
Cabeçalho tópico ou nome geográfico TILÁPIA NILÓTICA
650 ## - ASSUNTO--TERMO TÓPICO
Cabeçalho tópico ou nome geográfico BACTÉRIA
650 ## - ASSUNTO--TERMO TÓPICO
Cabeçalho tópico ou nome geográfico INFECÇÃO
650 ## - ASSUNTO--TERMO TÓPICO
Cabeçalho tópico ou nome geográfico PISCICULTURA
650 ## - ASSUNTO--TERMO TÓPICO
Cabeçalho tópico ou nome geográfico HEMATOLOGIA
773 0# - ENTRADA ANALÍTICA
Título Pesquisa Agropecuária Brasileira (Brazil)
ISSN - International Standard Serial Number ISSN 0100-204X
Partes relacionadas (Sep 2008), v. 43(9) p. 1201-1207
Número de controle do registro BR0900513
909 ## -
-- 202311
-- Lúcia
-- 55
-- Lúcia Elande
942 ## - ELEMENTOS DE ENTRADA ADICIONADOS (KOHA)
Fonte da classificação ou esquema de arquivamento na estante Classificação AGRIS
Ocultar no OPAC Não
Tipo de material Koha Analítica
Exemplares
Situação do descarte Fonte da classificação ou esquema de arquivamento na estante Situação física Não pode ser emprestado Biblioteca de origem Biblioteca atual Localização na estante Enumeração do periódico / cronologia Total de empréstimos Data de último acesso Número do exemplar Tipo de material Koha Fonte de aquisição
  Classificação AGRIS   Consulta local Biblioteca Nacional de Agricultura - Binagri Biblioteca Nacional de Agricultura - Binagri   (Sep 2008), v. 43(9) p. 1201-1207   29/11/2023 01 Periódicos Portaria Interministerial nº 164/94

BINAGRI

Telefone: (61)3218-2567/2388/3357/2097 - binagri@agro.gov.br

Ministério da Agricultura e Pecuária , Esplanada dos Ministérios, Bloco D, Anexo B, Brasília/DF, CEP: 70.043-900